[Event "Híbrido del Sur U2200 op 3rd"]
[Site "Tornelo INT"]
[Date "2021.11.26"]
[Round "6"]
[White "Ortiz Hernandez, Ricardo Paul"]
[Black "Azahares Serrano, Raymond"]
[Result "0-1"]
[WhiteElo "1872"]
[BlackElo "1725"]
[PlyCount "106"]
[EventDate "2021.11.26"]
[EventType "swiss"]
[EventRounds "6"]
[EventCountry "VEN"]
[SourceTitle "EXT 2023"]
[Source "ChessBase"]
[SourceDate "2022.10.05"]
[SourceVersion "1"]
[SourceVersionDate "2022.10.05"]
[SourceQuality "1"]

1. e4 c5 2. d4 cxd4 3. c3 dxc3 4. Nxc3 Nc6 5. Bc4 e6 6. Nf3 d6 7. Qe2 Nge7 8. Bg5 a6 9. 0-0-0 Qc7 10. Kb1 Ng6 11. Rc1 Be7 12. h4 0-0 13. Bb3 Qa5 14. Bd2 Qc7 15. h5 Nge5 16. Nxe5 dxe5 17. Qg4 Kh8 18. Bg5 Bxg5 19. Qxg5 Qe7 20. Qg3 Bd7 21. Na4 Rad8 22. Nc5 Bc8 23. f3 Rd2 24. h6 g6 25. Nxa6 f6 26. Nc5 Nd4 27. Bd1 b6 28. Nb3 Nxb3 29. Bxb3 Ba6 30. f4 Rd3 31. Qf2 Rxb3 32. axb3 Bd3+ 33. Rc2 Rc8 34. Rhc1 Rxc2 35. Rxc2 Qc7 36. fxe5 f5 37. Qe2 Qxc2+ 38. Qxc2 Bxe4 39. Qxe4 fxe4 40. Kc1 g5 41. Kd2 Kg8 42. Ke3 Kf7 43. Kxe4 Kg6 44. g4 Kxh6 45. b4 Kg6 46. b5 h5 47. Kf3 hxg4+ 48. Kxg4 Kh6 49. Kh3 Kh5 50. Kg3 g4 51. b3 Kg5 52. b4 Kf5 53. Kh4 Kf4 0-1